000 00505nam a22001575i 4500
001 68518
003 ES-MaACL
007 t|
008 960806s1870 sp ||||1| spa d
040 _aCAM
_bspa
_cCAM
100 1 _aGarcía-Nieto, Joan N.
_955028
245 1 0 _aDe la libertad en España
_b: estudio filosófico-político /
_cpor Juan García Nieto.
260 _aMadrid :
_b[s.n.],
_c1870 (
_fimprenta de la viuda é hijos de Alvarez)
300 _a75, [2] p. ;
_c20 cm.
852 _aES-MaACL
_jT-584-F-3
999 _c68518
_d68518